000 00618cam a2200217ua 4500
001 870
005 20260515113233.0
008 110421n ii |||gr||||Z||||||asm
040 _cMAIN
082 _a320.5
245 1 0 _aPrachya aru pashatyar nirbachita rajnaitik chintabid
_cby Jaigeswar Borah
250 _a1st.
260 _aJorhat:
_bUnika prakashan,
_c2003.
300 _aviii, 304p.:3cm.
653 _aPolitical science
653 _aPolitical thought
653 _aRajnaitik chintabid
653 _aPrachya aru pashatyar nirbachita rajnaitik chintabid
700 _aBorah, Jaigeswar.,
_eAuthor.
942 _cBK
999 _c793
_d793